Îles divisées par une frontière internationale - Statistiques

Statistiques générales
  • Ce quiz a été pris 210 fois
  • Le résultat moyen est 6 sur 15
Statistiques - réponses
Frontières île traversée par une frontière % Correct
Chypre - Royaume-Uni Chypre
82%
Indonésie - Malaisie - Brunei Bornéo
80%
Irlande - Royaume-Uni Irlande
80%
Cuba - États-Unis Cuba
75%
France - Pays-Bas Saint-Martin
70%
Indonésie - Timor oriental Timor
66%
Haïti - République Dominicaine Hispaniola
62%
Indonésie - Papouasie-Nouvelle-Guinée Nouvelle-Guinée
60%
Argentine - Chili Grande Île de Terre de Feu
52%
Finlande - Suède Märket
2%
Allemagne - Pologne Usedom
2%
Bahreïn - Arabie Saoudite île sur la Chaussée du roi Fahd
1%
Indonésie - Malaisie Sebatik
1%
Finlande - Suède Kataja
0%
Finlande - Russie Koiluoto
0%
Aucun quiz correspondant
Distribution des résultats
% des personnes avec chaque résultat
Percentile par nombre de réponses
Votre historique - résultats
Vous n’avez pas pris ce quiz